000 00773nam a2200289Ia 4500
001 67690
003 IT-RoPAU
008 130308s9999 xx 000 0 und d
040 _aIT-RoPAU
040 _cIT-RoPAU
041 _aITALIANO
100 _aFlores D'Arcais Giuseppe
100 _gCodice Aut. SPICS: 6577
245 _aRiflessioni sul cinema italiano del dopoguerra
245 _bStudi Cinematografici e Televisivi-2-1968
250 _a1a ed.
260 _aPARMA
260 _bMaccari
260 _c1968 [1° Ed.:1968 - Ed.Ling.Originale:1968]
300 _a"19 p. (prefazione: no ; testo: 19 [pagine: 5-23])"
650 _aSAGGI SUL CINEMA
650 _eCodice materia Spics: 6811
942 _cBK
957 _71
999 _c55786
_d55786
999 _bSI
999 _g1